00414nam a22001697a 4500003000600000005001700006008004100023020001800064040000800082082001500090100001500105245002400120260004300144300000800187650002500195650002400220GBCCL20241126110712.0221213b ||||| |||| 00| 0 eng d a9789389069402 cgbc a226.9bPIN aPink, A.W. aSermon on the mount aBangalore : bOmega book world, c2020 a297 aBiblevNew Testament aSermon on the mount